Gasellit - "Se ei kuulu sulle" - sanat - Statistics

Yleistilastot
  • Tätä visaa on pelattu 8 kertaa
  • Keskiarvotulos 305 / 412
Vastaustilastot
Vastaus % Oikein
ei
100%
ku
100%
kuullu
100%
kuulu
100%
se
100%
sulle
100%
et
86%
mitä
86%
ollu
86%
on
86%
rankka
86%
siit
86%
sil
86%
täällä
86%
tai
86%
tekee
86%
toi
86%
vaa
86%
vähä
86%
voi
86%
vuosi
86%
ballssieni
71%
en
71%
enhä
71%
henk
71%
huhuja
71%
ja
71%
joka
71%
joten
71%
kaa
71%
kannon
71%
kanssa
71%
kapakassa
71%
kautta
71%
kenen
71%
kiloja
71%
kiven
71%
kivi
71%
kuinka
71%
luottaa
71%
71%
menneisyys
71%
mieli
71%
miks
71%
mua
71%
muhun
71%
mul
71%
mulki
71%
mulle
71%
mut
71%
naamast
71%
näkeehä
71%
niilt
71%
niitä
71%
oo
71%
päällä
71%
päiväkuosi
71%
paljo
71%
paljon
71%
potku
71%
putos
71%
pysty
71%
reipas
71%
reiskat
71%
Reiskat
71%
salailulle
71%
sen
71%
silmäluomil
71%
silmii
71%
sua
71%
sulkee
71%
sun
71%
syy
71%
tol
71%
tukusta
71%
tuli
71%
tunne
71%
tunteet
71%
viikonloppu
71%
viimesii
71%
yläpuolel
71%
yllättävät
71%
aikeet
57%
anto
57%
ees
57%
ero
57%
etten
57%
halkoo
57%
Henkan
57%
hiiskumaa
57%
hiuksii
57%
huhut
57%
iha
57%
joku
57%
jos
57%
juoruist
57%
juttuja
57%
juttuu
57%
kaiken
57%
kannata
57%
kaverilta
57%
kelle
57%
kenestäki
57%
kenkää
57%
kieli
57%
kiinnostaa
57%
koht
57%
kuka
57%
kuulit
57%
kylillä
57%
kysäsen
57%
lähti
57%
lanko
57%
lapasesta
57%
läski
57%
laukoo
57%
liikaa
57%
liikuta
57%
lupaan
57%
mähän
57%
mikä
57%
muka
57%
mun
57%
näis
57%
ne
57%
niinkää
57%
nopeesti
57%
öky-auto
57%
ootsä
57%
päätään
57%
painaa
57%
piittaa
57%
puhdas
57%
puhtaat
57%
puhutaan
57%
ruskee
57%
saat
57%
sanani
57%
tähti
57%
täst
57%
tulee
57%
tulot
57%
tunkee
57%
tuttuja
57%
vääntää
57%
vannon
57%
veli
57%
vittu
57%
Antti
43%
faktana
43%
funtsii
43%
jäbä
43%
jengi
43%
kuitenki
43%
kulkee
43%
levinny
43%
mutuja
43%
myönnän
43%
notkut
43%
nyt
43%
oikeastaa
43%
ois
43%
olla
43%
sekä
43%
suuhu
43%
suusta
43%
sydänsurut
43%
tajuntaa
43%
talous-sotkut
43%
Tuisku
43%
vaivaa
43%
valmiin
43%
vellovat
43%
aiemmin
29%
asiakaa
29%
esille
29%
harrastukset
29%
kaivettii
29%
kantsinu
29%
lemmikit
29%
monta
29%
niiku
29%
nukut
29%
parisuhde
29%
tuntii
29%
kertoo
14%
tuut
14%
utelen
14%
valinnu
14%
kuta
0%
sinänsää
0%
voisitsä
0%
Ehtoja vastaavia visoja ei löytynyt
Tulosjakauma
Jokaisen tuloksen saaneiden osuus
Persentiili vastausten määrän mukaan
Tuloshistoriasi
Et ole pelannut tätä visaa